| 000 | 00539nam a2200145Ia 4500 | ||
|---|---|---|---|
| 008 | 140724s9999 xx 000 0 und d | ||
| 050 |
_aRA 776 _b.B219 2012 |
||
| 100 | _aBañares, Charmaine C. | ||
| 245 |
_aSmoking habits and emotional wellness of Nursing students in Southville International School and Colleges / _cCharmaine C. Bañares. |
||
| 260 |
_aLas Piñas, Philippines : _bSouthville International School and Colleges, _cc2012. |
||
| 300 |
_a61 p. : _bcol. ill. ; _c28 cm. |
||
| 521 | _aNursing | ||
| 942 | _cTH | ||
| 999 |
_c228929 _d228929 |
||